Nacimos para ser felices: la dicha en la aventura de vivir
Saved in:
| Hovedforfatter: | |
|---|---|
| Format: | Bog |
| Sprog: | spansk |
| Udgivet: |
Ciudad de México
Grijalbo
1999
|
| Serier: | Colección Autoayuda y Superación
|
| Fag: | |
| Tags: |
Tilføj Tag
Ingen Tags, Vær først til at tagge denne postø!
|
MARC
| LEADER | 00000nam a2200000 a 4500 | ||
|---|---|---|---|
| 001 | UCO3320 | ||
| 003 | CL-VaPUC | ||
| 008 | 000720e19990000MX |||||||||||||||||spa|d | ||
| 082 | 0 | 4 | |a 158.1 |b RAM |2 21 |
| 100 | 0 | |a Ramos Hernández, Miguel |e author |9 526805 | |
| 245 | 1 | 0 | |a Nacimos para ser felices: la dicha en la aventura de vivir |
| 300 | |a 201 p | ||
| 942 | |c BK | ||
| 945 | |d 20000720 00:00:00 |a rbrito | ||
| 260 | |a Ciudad de México |b Grijalbo |c 1999 | ||
| 650 | 0 | |a Psicología aplicada |9 270762 | |
| 650 | 7 | |a EXITO |2 CL-VaPUC |9 310745 | |
| 650 | 0 | |a Felicidad |9 257029 | |
| 650 | 0 | |a Vida familiar |9 308049 | |
| 583 | |a last modification |c 20000720 00:00:00 |k Rodrigo Vera | ||
| 490 | 0 | |a Colección Autoayuda y Superación | |
| 999 | |c 328620 |d 328618 | ||
| 952 | |0 0 |1 0 |4 0 |6 158_100000000000000_RAM_1999 |7 0 |8 A |9 412686 |a BIBEDU |b BIBEDU |d 2019-11-22 |i 3630536 |l 3 |o 158.1 RAM 1999 |p 3630536 |r 2023-07-06 |s 2023-07-06 |w 2019-11-22 |y BK |k EPE | ||